000 00825nam a2200217Ia 4500
005 20241129105918.0
008 241129s9999||||xx |||||||||||||| ||und||
020 _a978-81-951717-0-5
037 _aTB
040 _aARTS
_bhin
_cARTS
041 _ahin
_2hin
084 _aO152vN R1
_qARTS
100 _aचौबे, देवेन्द्र, संपा.
245 0 _aहिन्दी साहित्य का इतिहास: कुछ पाठ, कुछ विचार
_cचौबे, देवेन्द्र, संपा.
260 _aपंचकूला, भारत
_bपंचकूला आधार प्रकाशन
_c2022
300 _a439पृ0
365 _aINR
_b995
650 _aHindi Literature
_923866
942 _cTB
_hO152vN R1
999 _c1226553
_d1226553